| 000 | 00846cam a2200313 4500 | ||
|---|---|---|---|
| 008 | 090401t1997 xxu||||| |||| 00| 0 eng d | ||
| 020 | _a0860174840 | ||
| 035 | _a(Sirsi) u83327 | ||
| 041 | _aeng | ||
| 050 | _a614.76 | ||
| 100 | _aKwan, J.C.T. | ||
| 245 | _aGround engineering spoil : good management practice. | ||
| 260 |
_aLondon _bCIRIA _c1997 |
||
| 300 | _a114p : ill. ; 30cm. | ||
| 350 | _a59 | ||
| 490 |
_aCIRIA Report _v179 |
||
| 650 | _aCONSTRUCTION SITES | ||
| 650 | _aSPOIL | ||
| 650 | _aWASTE MANAGEMENT | ||
| 690 | _aENVIRONMENTAL AND LAND CONSULTANCY | ||
| 700 | _aSceal, J.S. | ||
| 700 | _aBryson, F.E. | ||
| 700 | _aStanbury, J. | ||
| 700 | _aBickerdike, J. | ||
| 700 | _aJardine, F.M. | ||
| 710 |
_aConstruction Industry Research and Information Association _94810 |
||
| 942 | _n0 | ||
| 948 | _c27/01/1998 | ||
| 999 |
_c96887 _d96887 |
||